Thrust estimation of J-69 engine on test bed using pressure probes (Record no. 325638)

000 -LEADER
fixed length control field 00391 a2200133 4500
001 - CONTROL NUMBER
control field 90565
082 ## - DEWEY DECIMAL CLASSIFICATION NUMBER
Classification number PR 977
090 ## - LOCALLY ASSIGNED LC-TYPE CALL NUMBER (OCLC); LOCAL CALL NUMBER (RLIN)
-- 42901
-- 42901
100 ## - MAIN ENTRY--PERSONAL NAME
Personal name Tariq Jalil; Salman Absar, advisors
245 ## - TITLE STATEMENT
Title Thrust estimation of J-69 engine on test bed using pressure probes
Number of part/section of a work G-28
260 ## - PUBLICATION, DISTRIBUTION, ETC.
Place of publication, distribution, etc. Karachi
Name of publisher, distributor, etc. NED University
Date of publication, distribution, etc. 1988
300 ## - PHYSICAL DESCRIPTION
Extent iv, 80 p.
Other physical details hand written
500 ## - GENERAL NOTE
General note BE Project Reports
942 ## - ADDED ENTRY ELEMENTS (KOHA)
Institution code [OBSOLETE] CAE NUST
Call number prefix PR 977
Holdings
Withdrawn status Lost status Damaged status Not for loan Collection code Permanent Location Current Location Date acquired Total Checkouts Full call number Barcode Date last seen Price effective from Koha item type
          College of Aeronautical Engineering (CAE) College of Aeronautical Engineering (CAE) 04/03/2017   PR 977 CAEPR-977 04/05/2017 04/05/2017 Book
© 2023 Central Library, National University of Sciences and Technology. All Rights Reserved.